LEADER 00972nam a2200241 4500 001 000000356588 003 CaOOAMICUS 005 20240119091926.0 008 231222s2023 it a 000 u ita r 020 $a979-12-5508-121-0 040 $aSeMil$bita 100 1 $aCavassini, Jolanda.$0(OLS)http://semarc/name/118768 245 13$aIl seme buono :$bla famiglia Beretta /$cJolanda Cavassini. 264 1$aGorle :$bVelar,$c2023. 300 $a119 p., [8] c. di tav. :$bill. ;$c21 cm 600 34$aBeretta .$0(OLS)http://semarc/subject/54997 850 $aSeMil 852 $aSeMil$W1$xVenegono$y1$m3J II 469$j247038$B247744$CSeMilBibl$Z2$F247744 $81 961 $aCaspani don Pierpaolo - Omaggio 996 $6020$a979-12-5508-121-0$9(OLS)http://semarc/number/299568 996 $6245$aIl seme buono :$bla famiglia Beretta$9(OLS)http://semarc/title/446848 996 $6264$aGorle :$bVelar$9(OLS)http://semarc/publisher/33489 LEADER 00734nam a2200181 i 4500 001 000000214671 003 CaOOAMICUS 005 20250505170727.0 008 120731s1901 xx u000 u lat u 013 $a193542 040 $aSeMil$bita 245 10$aPars 1. canonica Ordine chronologico disposita. 2. 300 $a417 p. 773 0 $aGregorius XVI $tActa Gregorii Papae 16. scilicet Constitutiones, Bullae, Litterae Apostolicae, Epistolae.$dRomae : Typographia Polyglotta, 1901.$g2$w()512 850 $aSeMil 852 $aSeMil$W1$xVenegono$y1$m2H V 16$j165092$B165092$CSeMilBibl$Z2$F176049 $81 996 $6245$aPars 1. canonica Ordine chronologico disposita. 2$9(OLS)http://semarc/title/309263